| 000 | 01179nam0a22002771 4500 | ||
|---|---|---|---|
| 001 | rc\2600250 | ||
| 005 | 20250623130851.0 | ||
| 035 | _a(NLR Aleph) 006764338 | ||
| 090 |
_a5877613 _c5877613 |
||
| 100 | _a20110914d1930 |||y0rusy50 ca | ||
| 101 | 0 | _arus | |
| 102 | _aRU | ||
| 105 | _ay z ||||| | ||
| 200 | 1 |
_aКнигу в массы _e(К библиотечному походу) _fА. Кромский, Л. Амдур |
|
| 210 |
_aСамара _cГос. изд-во. Средне-Волжск. краев. отд-ние _d1930 _gтип. № 1 им. т. Мяги Самполиграфтреста |
||
| 215 |
_a40 с., [1] с. "Оглавление" на обл. _d18х12 см. |
||
| 225 | 1 | _aБиблиотечка культармейца | |
| 300 | _aНа обл. место изд.: "Самара-Москва" | ||
| 700 | 1 |
_aКромский _bА.А. _gАнатолий Александрович |
|
| 701 | 1 |
_aАмдур _bЛ. С. _cпрофсоюз. деятель _gЛев Соломонович _9191301 _3RU\NLR\AUTH\770191352 |
|
| 801 | 0 |
_aRU _bNLR _gpsbo |
|
| 801 | 1 |
_aRU _bELAR _2rusmarc |
|
| 852 |
_aNLR _jБ 960/К83 |
||
| 942 | _cBOOK | ||
| 980 | _aNB | ||